| 000 | 01663nam a2200277 a 4500 | ||
|---|---|---|---|
| 008 | 161010s2015 ||||||||||||||||| || u | ||
| 020 | _a9780857022479 | ||
| 020 | _a0857022466 | ||
| 020 | _a0857022474 (pbk) | ||
| 020 | _a9780857022462 | ||
| 050 | _aHD 30.2 Rob | ||
| 100 | _aRoberts, Joanne | ||
| 245 | 1 | 2 |
_aA very short, fairly interesting and reasonably cheap book about knowledge management _cJoanne Roberts |
| 246 | _aKnowledge management | ||
| 260 |
_aLos Angeles _bSAGE Publications _c2015 |
||
| 300 | _a151 pages : illustrations | ||
| 350 | _a26.00 | ||
| 490 | _aVery short, fairly interesting and reasonably cheap book about...series | ||
| 500 | _aIncludes bibliographical references (pages 131-145) and index. | ||
| 505 | _aIntroduction: The rise of knowledge management -- Situating knowledge management -- Knowledge management? -- Knowledge acquisition, retention, and transfer -- Knowledge, creativity, and innovation -- Ignorance, forgetting, and unlearning -- Conclusion: Looking forward. | ||
| 520 | _aThis concise introduction to knowledge management and its current place in and implications for contemporary management theory and practice explores what knowledge management is, why it is significant, and where it is going. | ||
| 650 | 0 | _aKNOWLEDGE MANAGEMENT | |
| 650 | _aKNOWLEDGE ECONOMY | ||
| 995 |
_FCBU-MAIN LIBRARY (Kitwe) _I26.00 _M1 _UAVAILABLE _WOct 10, 2016 _ZMain Library Open Access Collection |
||
| 995 |
_FCBU-MAIN LIBRARY (Kitwe) _I26.00 _M2 _UAVAILABLE _WOct 10, 2016 _ZMain Library Open Access Collection |
||
| 999 |
_c78342 _d78342 |
||